000 00789nam a2200241Ia 4500
003 OSt
005 20221006170132.0
006 a|||||r|||| 00| 0
007 ta
008 221006b |||||||| |||| 00| 0 hin d
024 _a7,207
037 _cDissertations
040 _aFML
_cFML
_bhin
041 _2hin
_ahin
100 _aUpreti Layottama Au.
_9681151
110 _aUniversity of Delhi. Faculty of Music and Fine Arts. Department of Music
_9520437
245 0 _aBharatiya Vadyo main Parshva Tantriyo Evam Tarab ke Taro ka Udbhav Evam Vikas Ek Aadhyayan
260 _c2013
300 _ap.
_ccm.
700 _aUniversity of Delhi. Faculty of Music and Fine Arts. Department of Music
_9520438
942 _cDIS
_2CC
999 _c1123113
_d1123113